01126nam a2200265 a 4500001001000000005001700010008004100027020001800068041000800086044000600094050002100100100003400121245013000155260006500285300003900350500005900389500006100448504003200509650005000541650005200591650007700643650007900720700002900799710003200828BRCA_844420190320210301.0301015s2015----u--a######---#000-0#eng-# a9780878468126 aeng au 4aNK801b.C37 20151 aCarr, Dennisq(Dennis Andrew)10aMade in the Americasbthe New World Discovers AsiacDennis Carr ; with contributions by Gauvin Alexander Bailey ... [et al.]. aBostonbMFA Publications, Museum of Fine Arts, Bostoncc2015 a159 p.bil. a color, mapasc27 cm. aIncluye lista de ilustraciones e índice alfabético aIncluye piezas de la colección Franz Mayer: p. 61 y 88 aBibliografía : p. 144-14614aDecorative arts, Early AmericanvExposiciones14aDecorative arts, Spanish colonialvExposiciones14aArtes decorativasvExposicionesxInfluencias asiáticaszEstados Unidos14aArtes decorativasvExposicionesxInfluencias asiáticaszAmérica Latina1 aBailey, Gauvin Alexander2 aMuseum of Fine Arts, Boston